Capitalismo o desarrollo sustentable: la disyuntiva de América Latina y el Caribe después de otra década perdida /
Guardado en:
| Autor principal: | |
|---|---|
| Formato: | Texto |
| Materias: | |
| Etiquetas: |
Agregar Etiqueta
Sin Etiquetas, Sea el primero en etiquetar este registro!
|
MARC
| LEADER | 00000 a a2200000 04500 | ||
|---|---|---|---|
| 001 | 4417 | ||
| 003 | |||
| 040 | |||
| 100 | |a Cabrera Díaz, Juan Jesús | ||
| 245 | |a Capitalismo o desarrollo sustentable: |b la disyuntiva de América Latina y el Caribe después de otra década perdida / |c Juan Jesús Cabrera Díaz | ||
| 650 | |a DESARROLLO SOSTENIBLE | ||
| 650 | |a PROTECCION AMBIENTAL | ||
| 650 | |a CRECIMIENTO ECONOMICO | ||
| 650 | |a SUBDESARROLLO | ||
| 650 | |a CAPITALISMO | ||
| 650 | |a POBREZA | ||
| 773 | |g volumen 15, número 30; páginas 7-29 | ||
| 999 | |c 28176 |d 28176 | ||
